00593nam a2200205Ia 4500003000400000005001700004008004100021020001500062040001800077041000800095082002100103100002000124245004500144250001200189260005200201300002800253650003100281650003400312650004100346OSt20240827095047.0210716s1991 xx 000 0 und d a0521424356 cAIMIT LIBRARY aeng a374.22 21bWHIS aWhite, Stephen. aGorbachev and after /cBy Stephen White. a1st ed. aNew York :bCambridge University Press ,c1991. aix,310p. ;bPBc23.3 cm aFrom brezhnev to gorbachev aReforming the planned economy aThe soviet union and the wider world